Dessiner la Carte du monde - Statistiques

Statistiques générales
  • Ce quiz a été pris 1 072 fois
    1 051 depuis la dernière actualisation
  • Le résultat moyen est 111 sur 714
Réponses sur la Carte
Les réponses sont colorées sur une échelle allant du rouge au vert en fonction du pourcentage des utilisateurs qui les ont devinées à leur premier essai. Vous pouvez retrouver ces pourcentages ci-dessous.
 
Statistiques - réponses
HINT HINT ANSWER % Correct
11.53635 62.716 Etats Unis-Mer de Bering
100%
773.351 55.955 Russie-Mer de Bering
43%
157.63581 99.024914 Canada-Etats Unis
40%
177.4178 165.29377 Etats Unis-Golfe du Mexique
37%
380.417 120.104 France-Espagne
35%
262.435 246.382 France-Ocean Atlantique
35%
395.678 112.619 France-Italie
34%
397.643 98.738001 France-Allemagne
33%
394.942 106.469 France-Suisse
33%
389.91 95.727 Belgique-France
32%
100.63448 128.28325 Etats Unis-Ocean Pacifique
31%
399.913 82.6 Allemagne-Mer du Nord
30%
377.946 97.645 France-Manche
29%
389.879 117.373 France-Mer Mediterranee
29%
363.954 81.775 Irlande-Royaume Uni
29%
365.181 127.967 Portugal-Espagne
29%
240.155 112.686 Canada-Ocean Atlantique
28%
88.895812 84.689416 Canada-Ocean Pacifique
28%
393.92 97.421 France-Luxembourg
28%
261.88 255.293 Bresil-France
27%
379.055 135.055 Espagne-Mer Mediterranee
27%
360.416 119.734 Espagne-Ocean Atlantique
27%
397.15244 116.41987 France-Monaco
27%
359.408 131.336 Portugal-Ocean Atlantique
27%
413.274 87.681 Allemagne-Pologne
26%
255.156 358.367 Argentine-Bresil
26%
399.552 108.177 Italie-Suisse
26%
144.289 198.481 Mexique-Ocean Pacifique
26%
372.353 159.07 Algerie-Maroc
25%
399.781 103.556 Allemagne-Suisse
25%
221.879 381.649 Argentine-Chili
25%
403.01975 105.89325 Autriche-Suisse
25%
302.098 289.942 Bresil-Ocean Atlantique
25%
670.38 97.286 Chine-Russie
25%
203.629 149.657 Etats Unis-Ocean Atlantique
25%
384.815 92.272 France-Mer du Nord
25%
399.438 129.39401 Italie-Mer Mediterranee
25%
411.937 48.61 Norvege-Suede
25%
396.215 88.197 Allemagne-Pays Bas
24%
391.363 90.858 Belgique-Pays Bas
24%
257.632 368.772 Bresil-Uruguay
24%
219.015 374.17 Chili-Ocean Pacifique
24%
401.541 79.479 Danemark-Allemagne
24%
448.25699 43.019 Finlande-Russie
24%
174.008 209.343 Guatemala-Mexique
24%
144.198 160.477 Mexique-Etats Unis
24%
428.649 80.974 Pologne-Russie
24%
446.12319 62.068 Russie-Golfe de Finlande
24%
462.95435 94.8933 Russie-Ukraine
24%
397.426 148.962 Algerie-Tunisie
23%
383.857 120.955 Andorre-Espagne
23%
249.525 370.245 Argentine-Uruguay
23%
407.996 103.242 Autriche-Allemagne
23%
408.399 106.646 Autriche-Italie
23%
394.838 94.532 Belgique-Allemagne
23%
242.046 308.615 Bolivie-Bresil
23%
222.818 261.279 Bresil-Colombie
23%
254.84911 337.94946 Bresil-Paraguay
23%
216.243 293.368 Bresil-Perou
23%
238.766 251.168 Bresil-Venezuela
23%
223.105 324.254 Chili-Perou
23%
224.986 242.485 Colombie-Venezuela
23%
433.937 37.182 Finlande-Suede
23%
410.869 108.868 Italie-Slovenie
23%
349.953 173.59 Maroc-Ocean Atlantique
23%
615.024 95.024 Mongolie-Russie
23%
446.083 269.456 RD Congo-Rwanda
23%
376.135 93.521 Royaume Uni-Manche
23%
370.624 81.426 Royaume Uni-Mer d'Irlande
23%
408.543 94.418 Tchequie-Allemagne
23%
402.453 171.592 Algerie-Libye
22%
234.063 337.316 Argentine-Bolivie
22%
393.441 95.862 Belgique-Luxembourg
22%
387.165 91.388 Belgique-Mer du Nord
22%
226.315 332.32 Bolivie-Chili
22%
241.494 329.079 Bolivie-Paraguay
22%
225.458 310.8204 Bolivie-Perou
22%
248 259.182 Bresil-Guyana
22%
206.229 261.794 Colombie-Equateur
22%
206.53699 247.388 Colombie-Ocean Pacifique
22%
206.39 237.385 Colombie-Panama
22%
216.439 271.292 Colombie-Perou
22%
198.548 268.69 Equateur-Ocean Pacifique
22%
205.244 273.214 Equateur-Perou
22%
442.388 67.866 Estonie-Russie
22%
527.902 80.094 Kazakhstan-Russie
22%
373.86846 144.98021 Maroc-Espagne
22%
164.813 200.342 Mexique-Golfe de Mexique
22%
391.043 86.171 Pays Bas-Mer du Nord
22%
203.926 294.632 Perou-Ocean Pacifique
22%
379.719 81.28 Royaume Uni-Mer du Nord
22%
427.012 128.724 Albanie-Grèce
21%
391.223 139.523 Algerie-Mer Mediterranee
21%
384.36 120.384 Andorre-France
21%
246.86 345.2 Argentine-Paraguay
21%
414.279 106.904 Autriche-Slovenie
21%
255.836 255.035 Bresil-Suriname
21%
165.26181 4.857416 Canada-Ocean Arctique
21%
559.107 158.934 Chine-Inde
21%
189.942 230.877 Costa Rica-Ocean Pacifique
21%
194.258 233.206 Costa Rica-Panama
21%
398.97461 75.535156 Danemark-Mer du Nord
21%
436.6965 174.777 Egypte-Libye
21%
258.166 249.625 France-Suriname
21%
248.876 238.658 Guyana-Ocean Atlantique
21%
360.409 84.84 Irlande-Ocean Atlantique
21%
412.437 120.713 Italie-Mer Adriatique
21%
442.729 72.642 Lettonie-Russie
21%
404.394 156.173 Libye-Tunisie
21%
401.83 105.13631 Liechtenstein-Suisse
21%
183.618 195.823 Mexique-Mer des Caraibes
21%
197.041 237.332 Panama-Ocean Pacifique
21%
433.888 94.328 Pologne-Ukraine
21%
436.548 103.243 Roumanie-Ukraine
21%
255.849 243.261 Suriname-Ocean Atlantique
21%
405.543 145.075 Tunisie-Mer de Libye
21%
395.116 96.266 Allemagne-Luxembourg
20%
407.065 81.694 Allemagne-Mer Baltique
20%
417.525 104.311 Autriche-Hongrie
20%
418.477 101 Autriche-Slovaquie
20%
414.977 99.033 Autriche-Tchequie
20%
180.8925 202.2865 Belize-Mexique
20%
616.833 123.769 Chine-Mongolie
20%
414.9 109.898 Croatie-Slovenie
20%
407.215 79.592 Danemark-Mer Baltique
20%
439.709 70.109 Estonie-Lettonie
20%
437.591 32.355 Finlande-Norvege
20%
377.877 110.056 France-Golfe de Gascogne
20%
180.222 212.452 Guatemala-Honduras
20%
174.817 216.315 Guatemala-Ocean Pacifique
20%
249.828 249.231 Guyana-Suriname
20%
243.832 240.527 Guyana-Venezuela
20%
424.333 101.927 Hongrie-Slovaquie
20%
483.471 150.564 Iran-Irak
20%
443.212 105.266 Moldavie-Roumanie
20%
446.266 103.197 Moldavie-Ukraine
20%
185.222 222.464 Nicaragua-Ocean Pacifique
20%
392.016 63.18 Norvege-Mer du Nord
20%
448.029 30.579 Norvege-Russie
20%
426.919 97.631 Pologne-Slovaquie
20%
366.63213 70.162 Royaume Uni-Ocean Atlantique
20%
417.996 70.446 Suede-Mer Baltique
20%
418.756 94.797 Tchequie-Pologne
20%
403.464 138.484 Tunisie-Mer Mediterranee
20%
458.736 122.556 Turquie-Mer Noire
20%
243.538 233.059 Venezuela-Ocean Atlantique
20%
383.09 192.473 Algerie-Mali
19%
365.32394 175.50244 Algerie-Mauritanie
19%
397.353 193.24 Algerie-Niger
19%
402.22713 105.0835 Autriche-Liechtenstein
19%
179.6425 206.6 Belize-Guatemala
19%
417.188 112.325 Bosnie-Croatie
19%
436.443 124.443 Bulgarie-Grece
19%
437.907 116.811 Bulgarie-Roumanie
19%
212.033 225.973 Colombie-Mer des Caraibes
19%
666.776 134.799 Coree du Nord-Coree du Sud
19%
193.396 229.553 Costa Rica-Mer des Caraibes
19%
189.379 226.523 Costa Rica-Nicaragua
19%
423.292 111.015 Croatie-Serbie
19%
458.32575 161.10961 Egypte-Israel
19%
451.272 189.476 Egypte-Soudan
19%
370.329 117.667 Espagne-Golfe de Gascogne
19%
429.758 67.091 Estonie-Mer Baltique
19%
431.076 61.969 Finlande-Mer Baltique
19%
479.068 119.908 Georgie-Russie
19%
429.876 125.404 Grece-Macedoine
19%
439.783 124.964 Grece-Turquie
19%
187.527 216.511 Honduras-Nicaragua
19%
183.569 218.452 Honduras-Ocean Pacifique
19%
429.38814 105.27198 Hongrie-Roumanie
19%
424.476 108.483 Hongrie-Serbie
19%
431.766 101.93 Hongrie-Ukraine
19%
546.659 162.328 Inde-Pakistan
19%
353.462 176.066 Mauritanie-Maroc
19%
344.303 201.124 Mauritanie-Ocean Atlantique
19%
400.209 219.943 Niger-Nigeria
19%
510.648 199.463 Oman-Mer d'Arabie
19%
198.539 233.423 Panama-Mer des Caraibes
19%
419.368 79.737 Pologne-Mer Baltique
19%
445.899 113.167 Roumanie-Mer Noire
19%
458.62417 113.0247 Russie-Mer Noire
19%
430.76086 99.806854 Slovaquie-Ukraine
19%
425.50617 191.22794 Tchad-Libye
19%
421.223 98.726 Tchequie-Slovaquie
19%
451.492 106.774 Ukraine-Mer Noire
19%
229.715 227.646 Venezuela-Mer des Caraibes
19%
487.228 217.417 Yemen-Mer d'Arabie
19%
421.729 370.908 Afrique du Sud-Ocean Atlantique
18%
426.633 124.851 Albanie-Macedoine
18%
468.319 186.881 Arabie Saoudite-Mer Rouge
18%
478.904 128.557 Armenie-Turquie
18%
181.83 206.349 Belize-Caraibes
18%
424.595 115.561 Bosnie-Serbie
18%
198.13 120.005 Canada-Lac Erie
18%
666.8 123.981 Chine-Corée du Nord
18%
572.209 167.362 Chine-Nepal
18%
674.44755 120.99707 Coree du Nord-Russie
18%
420.597 109.705 Croatie-Hongrie
18%
202.252 190.962 Cuba-Mer des Caraibes
18%
434.759 133.573 Grece-Mer Egee
18%
349.098 229.798 Guinee-Ocean Atlantique
18%
188.084 209.914 Honduras-Mer des Caraibes
18%
566.624 170.441 Inde-Nepal
18%
408.512 122.753 Italie-Vatican
18%
410.858 185.506 Libye-Niger
18%
367.841 207.672 Mali-Mauritanie
18%
428.589 112.818 Roumanie-Serbie
18%
342.304 214.93 Senegal-Ocean Atlantique
18%
469.105 140.242 Syrie-Turquie
18%
259.438 378.479 Uruguay-Ocean Atlantique
18%
517.09875 153.5537 Afghanistan-Iran
17%
445.467 371.486 Afrique du Sud-Ocean Indien
17%
426.625 121.664 Albanie-Kosovo
17%
424.383 120.9135 Albanie-Montenegro
17%
485.595 205.324 Arabie Saoudite-Yemen
17%
580.254 181.982 Bangladesh-Inde
17%
451.201 81.525 Belarus-Russie
17%
422.434 118.966 Bosnie-Montenegro
17%
432.297 123.361 Bulgarie-Macedoine
17%
443.29 119.9 Bulgarie-Mer Noire
17%
432.235 118.429 Bulgarie-Serbie
17%
440.424 122.53 Bulgarie-Turquie
17%
372.463 218.984 Burkina Faso-Mali
17%
566.408 110.869 Chine-Kazakhstan
17%
618.105 185.865 Chine-Vietnam
17%
414.531 114.246 Croatie-Mer Adriatique
17%
191.322 187.23 Cuba-Golfe du Mexique
17%
204.607 189.096 Cuba-Ocean Atlantique
17%
207.92781 117.77942 Etats Unis-Lac Erie
17%
486.262 236.406 Ethiopie-Somalie
17%
473.905 120.203 Georgie-Mer Noire
17%
476.828 123.877 Georgie-Turquie
17%
181.082 209.744 Guatemala-Mer des Caraibes
17%
352.844 221.888 Guinee-Senegal
17%
417.4829 106.7 Hongrie-Slovenie
17%
480.277 134.566 Iran-Turquie
17%
335.044 50.146 Islande-Ocean Atlantique
17%
459.91165 160.33049 Israel-Jordanie
17%
460.497 151.745 Israel-Liban
17%
408.616 116.038 Italie-Saint Marin
17%
696.949 141.752 Japon-Ocean Pacifique
17%
442.945 360.239 Lesotho-Afrique du Sud
17%
428.817 71.044 Lettonie-Mer Baltique
17%
462.22 149.37 Liban-Syrie
17%
359.955 246.271 Liberia-Ocean Atlantique
17%
436.741 196.159 Libye-Soudan
17%
427.918 121.838 Macedoine-Kosovo
17%
430.1055 121.307 Macedoine-Serbie
17%
388.436 211.309 Mali-Niger
17%
347.795 207.38 Mauritanie-Senegal
17%
424.523 118.348 Montenegro-Serbie
17%
452.514 345.222 Mozambique-Afrique du Sud
17%
602.108 206.315 Myanmar-Thailande
17%
424.794 358.776 Namibie-Afrique du Sud
17%
413.21 339.329 Namibie-Ocean Atlantique
17%
192.517 219.822 Nicaragua-Mer des Caraibes
17%
504.268 196.181 Oman-Arabie Saoudite
17%
498.87746 203.99143 Oman-Yemen
17%
428.662 119.893 Serbie-Kosovo
17%
351.515 236.878 Sierra Leone-Ocean Atlantique
17%
446.858 230.47 Soudan du Sud-Soudan
17%
464.36 197.569 Soudan-Mer Rouge
17%
415.345 206.533 Tchad-Niger
17%
431.545 213.86 Tchad-Soudan
17%
547.928 138.647 Afghanistan-Chine
16%
536.377 154.484 Afghanistan-Pakistan
16%
424.274 124.342 Albanie- Mer Adriatique
16%
421.921 321.548 Angola-Namibie
16%
411.545 302.819 Angola-Ocean Atlantique
16%
421.462 290.117 Angola-RD Congo
16%
480.068 125.048 Armenie-Georgie
16%
485.088 125.53 Azerbaidjan-Georgie
16%
434.188 86.66 Belarus-Pologne
16%
446.097 90.171 Belarus-Ukraine
16%
384.113 232.878 Benin-Togo
16%
583.9 169.079 Bhoutan-Chine
16%
438.103 349.064 Botswana-Afrique du Sud
16%
370.906 230.553 Burkina Faso-Cote d'Ivoire
16%
376.96117 226.4747 Burkina Faso-Ghana
16%
382.734 219.495 Burkina Faso-Niger
16%
613.568 225.848 Cambodge-Golfe de Thailande
16%
612.165 215.824 Cambodge-Thailande
16%
407.212 239.359 Cameroun-Nigeria
16%
424.787 232.975 Centrafrique-Tchad
16%
609.526 190.043 Chine-Laos
16%
602.24596 182.37729 Chine-Myanmar
16%
551.377 142.23 Chine-Pakistan
16%
373.791 239.063 Cote d'Ivoire-Ghana
16%
363.731 243.634 Cote d'Ivoire-Liberia
16%
181.264 216.353 El Salvador-Honduras
16%
179.5403 218.042 El Salvador-Ocean Pacifique
16%
470.318 214.805 Erythree-Ethiopie
16%
470.645 211.808 Erythree-Mer Rouge
16%
463.608 208.586 Erythree-Soudan
16%
449.83 352.946 Eswatini-Afrique du Sud
16%
401.451 262.25 Gabon-Golfe de Guinee
16%
382.06 235.377 Ghana-Togo
16%
344.626 223.703 Guinee Bissau-Ocean Atlantique
16%
216.625 200.265 Haiti-Mer des Caraibes
16%
475.223 159.019 Irak-Arabie Saoudite
16%
473.242 146.654 Irak-Syrie
16%
478.467 138.355 Irak-Turquie
16%
521.772 171.809 Iran-Pakistan
16%
206.415 202.355 Jamaique-Mer des Caraibes
16%
693.148 136.345 Japon-Mer du Japon
16%
465.227 161.592 Jordanie-Arabie Saoudite
16%
463.391 154.873 Jordanie-Syrie
16%
527.947 118.017 Kazakhstan-Ouzbekistan
16%
425.598 119.959 Kosovo-Montenegro
16%
611.734 203.234 Laos-Thailande
16%
617.201 200.689 Laos-Vietnam
16%
356.543 237.204 Liberia-Sierra Leone
16%
491.63 324.69 Madagascar-Ocean Indien
16%
353.877 218.575 Mali-Senegal
16%
423.043 121.576 Montenegro-Mer Adriatique
16%
409.362 42.11 Norvege-Mer de Norvege
16%
495.5945 180.7085 Qatar-Arabie Saoudite
16%
416.958 270.859 R Congo-RD Congo
16%
218.87 199.563 Republique Dominicaine-Haiti
16%
222.526 202.029 Republique Dominicaine-Mer des Caraibes
16%
425.47475 79.0957 Russie-Mer Baltique
16%
486.49771 113.09425 Russie-Mer Caspienne
16%
691.913 107.182 Russie-Mer du Japon
16%
490.024 244.796 Somalie-Ocean Indien
16%
564.281 241.677 Sri Lanka-Ocean Indien
16%
440.006 134.345 Turquie-Mer Egee
16%
477.354 214.422 Yemen-Mer Rouge
16%
449.081 338.075 Afrique du Sud-Zimbabwe
15%
408.391 278.703 Angola-R Congo
15%
498.815 186.335 Arabie Saoudite-Emirats Arabes Unis
15%
483.98 128.331 Armenie-Azerbaidjan
15%
488.249 125.051 Azerbaidjan-Russie
15%
384.97 224.937 Benin-Burkina Faso
15%
386.991 221.755 Benin-Niger
15%
583.885 173.068 Bhoutan-Inde
15%
225.3 315.934 Bolivie-Lac Titicaca
15%
381.601 226.368 Burkina Faso-Togo
15%
619.923 214.758 Cambodge-Laos
15%
620.698 223.056 Cambodge-Vietnam
15%
413.622 247.576 Cameroun-Centrafrique
15%
402.743 252.121 Cameroun-Golfe de Guinee
15%
414.057 256.471 Cameroun-R Congo
15%
180.32181 72.62141 Canada-Baie d'Hudson
15%
431.737 247.639 Centrafrique-RD Congo
15%
553.812 125.633 Chine-Kirghizistan
15%
368.429 245.949 Cote d'Ivoire-Golfe de Guinee
15%
362.989 233.982 Cote d'Ivoire-Guinee
15%
365.444 228.521 Cote d'Ivoire-Mali
15%
302.551 40.494 Danemark-Ocean Atlantique
15%
476.563 221.724 Djibouti-Erythree
15%
474.529 224.365 Djibouti-Ethiopie
15%
477.793 221.05775 Djibouti-Mer Rouge
15%
477.43945 225.47717 Djibouti-Somalie
15%
459.735 181.164 Egypte-Mer Rouge
15%
178.202 216.129 El Salvador-Guatemala
15%
382.119 126.359 Espagne-Mer des Baleares
15%
368.18167 142.03635 Espagne-Royaume Uni
15%
231.021 203.037 Etats Unis-Mer des Caraibes
15%
467.721 251.148 Ethiopie-Kenya
15%
460.642 221.185 Ethiopie-Soudan
15%
456.827 238.043 Ethiopie-Soudan du Sud
15%
342.638 218.491 Gambie-Ocean Atlantique
15%
346.502 216.913 Gambie-Senegal
15%
349.102 224.112 Guinee-Guinee Bissau
15%
360.653 224.083 Guinee-Mali
15%
355.287 229.767 Guinee-Sierra Leone
15%
217.002 196.5 Haiti-Ocean Atlantique
15%
487.286 166.03 Irak-Koweit
15%
461.354 152.754 Israel-Syrie
15%
419.037 131.19301 Italie-Mer Ionienne
15%
551.117 119.28301 Kazakhstan-Kyrgyzstan
15%
472.718 259.949 Kenya-Somalie
15%
465.248 273.429 Kenya-Tanzanie
15%
455.579 347.902 Mozambique-Ocean Indien
15%
393.09 247.638 Nigeria-Golfe de Guinee
15%
222.121 314.733 Perou-Lac Titicaca
15%
406.3445 277.4585 R Congo-Ocean Atlantique
15%
408.452 283.28705 RD Congo-Ocean Atlantique
15%
223.035 197.268 Republique Dominicaine-Ocean Atlantique
15%
740.845 81.548 Russie-Ocean Pacifique
15%
468.986 291.526 Tanzanie-Ocean Indien
15%
411.72108 218.37704 Tchad-Nigeria
15%
383.887 242.522 Togo-Golfe de Guinee
15%
443.389 319.862 Zambie-Zimbabwe
15%
525.729 141.385 Afghanistan-Turkmenistan
14%
429.99 306.802 Angola-Zambie
14%
493.033 173.273 Arabie Saoudite-Golfe Persique
14%
488.552 130.177 Azerbaidjan-Iran
14%
481.4364 130.04614 Azerbaidjan-Turquie
14%
385.659 242 Benin-Golfe de Guinee
14%
388.006 230.809 Benin-Nigeria
14%
427.717 336.973 Botswana-Namibie
14%
441.79 330.758 Botswana-Zimbabwe
14%
447.749 272.324 Burundi-Rwanda
14%
408.337 255.52 Cameroun-Gabon
14%
404.412 256.07 Cameroun-Guinee Equatoriale
14%
412.037 231.07 Cameroun-Tchad
14%
204.26081 115.76242 Canada-Lac Ontario
14%
418.785 251.294 Centrafrique-R Congo
14%
433.741 230.286 Centrafrique-Soudan
14%
438.79 239.532 Centrafrique-Soudan du Sud
14%
647.755 180.254 Chine-Detroit de Taiwan
14%
548.867 135.475 Chine-Tadjikistan
14%
671.962 140.037 Coree du Sud-Mer du Japon
14%
507.41 178.225 Emirats Arabes Unis-Golfe d'Oman
14%
437.934 63.277 Estonie-Golfe de Finlande
14%
452.637 351.327 Eswatini-Mozambique
14%
46.89456 61.5156 Etats Unis-Golfe d'Alaska
14%
197.65581 123.43342 Etats Unis-Lac Ontario
14%
243.381 213.817 France-Mer des Caraibes
14%
54.596134 321.19782 France-Ocean Pacifique
14%
239.26833 202.90678 France-Pays Bas
14%
401.972 270.472 Gabon-Ocean Atlantique
14%
378.116 245.843 Ghana-Golfe de Guinee
14%
427.766 133.631 Grece-Mer Ionienne
14%
346.304 220.708 Guinee Bissau-Senegal
14%
359.422 237.606 Guinee-Liberia
14%
593.704 179.24 Inde-Myanmar
14%
468.434 154.284 Irak-Jordanie
14%
498.638 170.633 Iran-Golfe Persique
14%
495.58 140.04 Iran-Mer Caspienne
14%
511.318 136.55 Iran-Turkmenistan
14%
366.686 83.598 Irlande-Mer d'Irlande
14%
409.975 124.94601 Italie-Mer Tyrrhenienne
14%
502.339 121.287 Kazakhstan-Turkmenistan
14%
471.053 272.23 Kenya-Ocean Indien
14%
459.221 257.707 Kenya-ouganda
14%
487.822 167.56 Koweit-Arabie Saoudite
14%
606.792 193.076 Laos-Myanmar
14%
431.311 78.633 Lithuanie-Russie
14%
460.106 317.396 Malawi-Mozambique
14%
132.271 172.155 Mexique-Golfe de Californie
14%
457.938 317.525 Mozambique-Lac Malawi
14%
465.87 301.082 Mozambique-Tanzanie
14%
451.507 312.085 Mozambique-Zambie
14%
454.16 326.92 Mozambique-Zimbabwe
14%
770.44 407.297 Nouvelle Zelande-Ocean Pacifique
14%
505.374 182.955 Oman-Emirats Arabes Unis
14%
412.952 266.476 R Congo-Gabon
14%
450.162 257.576 RD Congo-Ouganda
14%
446.13199 248.506 RD Congo-Soudan du Sud
14%
444.627 302.819 RD Congo-Zambie
14%
467.122 108.7217 Russie-Mer Azov
14%
411.395 110.384 Slovenie-Mer Adriatique
14%
243.136 216.496 St Lucie-Mer des Caraibes
14%
242.687 218.586 St Vincent-Mer des Caraibes
14%
520.919 128.004 Turkmenistan-Ouzbekistan
14%
531.486 138.052 Afghanistan-Ouzbekistan
13%
541.578 136.045 Afghanistan-Tadjikistan
13%
425.2 128.971 Albanie- Mer Ionienne
13%
442.588 76.151 Belarus-Lettonie
13%
438.043 81.142 Belarus-Lithuanie
13%
420.096 119.266 Bosnie-Mer Adriatique
13%
446.297 273.455 Burundi-RD Congo
13%
449.822 274.195 Burundi-Tanzanie
13%
219.28181 23.457416 Canada-Baie de Baffin
13%
251.658 80.078 Canada-Mer du Labrador
13%
329.141 209.624 Cap Vert-Ocean Atlantique
13%
656.462 138.567 Chine-Mer jaune
13%
671.144 127.47 Coree du Nord-Mer du Japon
13%
422.05801 120.75417 Croatie-Montenegro
13%
242.573 211.164 Dominique-Mer des Caraibes
13%
502.962 181.825 Emirats Arabes Unis-Golfe Persique
13%
241.85786 222.36702 Grenade-Mer des Caraibes
13%
404.5403 259.917 Guinee Equatoriale-Gabon
13%
402.194 257.97 Guinee Equatoriale-Golfe de Guinee
13%
567.79495 204.18167 Inde-Baie du Bengale
13%
610.405 275.284 Indonesie-Ocean indien
13%
495.877 111.947 Kazakhstan-Mer Caspienne
13%
458.311 247.13272 Kenya-Soudan du Sud
13%
488.679 164.804 Koweit-Golfe Persique
13%
541.393 130.444 Kyrgyzstan-Tadjikistan
13%
434.115 74.374 Lettonie-Lithuanie
13%
427.923 76.104 Lithuanie-Mer Baltique
13%
433.307 81.701 Lithuanie-Pologne
13%
456.383 295.418 Malawi-Tanzanie
13%
455.362 303.821 Malawi-Zambie
13%
496.407 177.646 Qatar-Golfe Persique
13%
447.886 268.144 Rwanda-Ouganda
13%
449.77393 269.58441 Rwanda-Tanzanie
13%
453.302 250.794 Soudan du Sud-Ouganda
13%
239.54 205.79 St Christophe-Mer des Caraibes
13%
458.51 298.034 Tanzanie-Lac Malawi
13%
450.9105 266.519 Tanzanie-Ouganda
13%
452.416 293.571 Tanzanie-Zambie
13%
444.959 127.855 Turquie-Mer de Marmara
13%
462.178 106.794 Ukraine-Mer Azov
13%
378.446 143.638 Algerie-Mer Alboran
12%
241.51 204.008 Antigua et Barbuda-Atlantique
12%
234.151 402.57 Argentine-Ocean Atlantique
12%
484.7545 132.88 Armenie-Iran
12%
583.624 190.031 Bangladesh-Baie du Bengale
12%
246.253 219.131 Barbade-Caraibes
12%
241.565 95.245 Canada-Golfe du St Laurent
12%
186.334 99.959 Canada-Lac Superieur
12%
640.505 187.051 Chine-Mer de Chine Meridionale
12%
365.638 53.793 Danemark-Mer de Norvege
12%
286.7855 1.976 Danemark-Ocean Arctique
12%
477.918 223.089 Djibouti-Golfe d'Aden
12%
374.235 140.132 Espagne-Mer d'Alboran
12%
782.467 323.276 Fidji-Ocean Pacifique
12%
429.01 51.324 Finlande-Golfe de Botnie
12%
438.265 60.95 Finlande-Golfe de Finlande
12%
370.764 101.728 France-Mer Celtique
12%
395.629 117.808 France-Mer Ligure
12%
402.008 121.978 France-Mer Tyrrhenienne
12%
505.868 334.628 France-Ocean Indien
12%
241.78586 222.80702 Grenade-Ocean Atlantique
12%
546.936 211.598 Inde-Mer d'Arabie
12%
697.853 284.493 Indonesie-Papouasie Nouvelle Guinee
12%
489.347 163.372 Irak-Golfe Persique
12%
514.711 178.053 Iran-Golfe d'Oman
12%
363.258 88.955 Irlande-Mer Celtique
12%
401.422 114.63701 Italie-Mer Ligure
12%
803.582 275.38467 Kiribati-Ocean Pacifique
12%
543.406 125.619 Kyrgyzstan-Ouzbekistan
12%
418.288 158.57 Libye-Mer de Libye
12%
480.095 327.167 Madagascar-Detroit du Mozambique
12%
546.115 253.073 Maldives-Ocean Indien
12%
370.765 145.339 Maroc-Mer d'Alboran
12%
509.584 331.096 Maurice-Ocean Indien
12%
727.207 244.27 Micronesie-Ocean Pacifique
12%
464.351 322.689 Mozambique-Detroit du Mozambique
12%
591.959 199.864 Myanmar-Baie du Bengale
12%
435.153 321.822 Namibie-Zambie
12%
511.803 184.018 Oman-Golfe d'Oman
12%
507.538 174.955 Oman-Golfe Persique
12%
529.607 177.847 Pakistan-Mer d'Arabie
12%
464.987 44.942 Russie-Mer Blanche
12%
478.214 33.206 Russie-Mer de Barents
12%
803.228 309.674 Samoa-Ocean Pacifique
12%
506.304 278.055 Seychelles-Ocean Indien
12%
487.223 225.755 Somalie-Golfe d'Aden
12%
243.433 216.88 St Lucie-Ocean Atlantique
12%
242.894 218.954 St Vincent-Ocean Atlantique
12%
425.338 49.963 Suede-Golfe de Botnie
12%
532.119 131.658 Tadjikistan-Ouzbekistan
12%
799.38712 330.77175 Tonga-Ocean Pacifique
12%
500.348 130.43 Turkmenistan-Mer Caspienne
12%
785.169 298.254 Tuvalu-Ocean Pacifique
12%
759.212 316.337 Vanuatu-Ocean Pacifique
12%
498.055 210.733 Yemen-Golfe d'Aden
12%
250.482 380.202 Argentine-Rio de la Plata
11%
654.76039 325.14524 Australie-Ocean Indien
11%
441.79 330.758 Botswana-Zambie
11%
242.56054 39.77539 Canada-Détroit de Davis
11%
199.32181 109.93442 Canada-Lac Huron
11%
83.043813 29.52942 Canada-Mer de Beaufort
11%
653.503 168.602 Chine-Mer de Chine Orientale
11%
662.045 133.953 Coree du Nord-Mer Jaune
11%
665.704 142.48 Coree du Sud-Mer Jaune
11%
330.906 18.758 Danemark-Mer du Groenland
11%
242.261 211.589 Dominique-Ocean Atlantique
11%
193.26181 114.47942 Etats Unis-Lac Huron
11%
181.02481 104.79142 Etats Unis-Lac Superieur
11%
46.7798 27.359 Etats Unis-Mer de Beaufort
11%
660.605 297.241 Indonesie-Mer de Timor
11%
682.397 266.00875 Indonesie-Ocean Pacifique
11%
458.223 264.722 Kenya-Lac Victoria
11%
763.8 235 Marshall-Ocean Pacifique
11%
754.412 266.491 Nauru-Ocean Pacifique
11%
446.022 25.656 Norvege-Mer du Barents
11%
383.84907 445.82092 Norvege-Ocean Atlantique
11%
453.748 262.752 Ouganda-Lac Victoria
11%
225.016 221.841 Pays Bas-Mer des Caraibes
11%
665.427 237.48 Philippines-Ocean Pacifique
11%
557.17899 20.513 Russie-Mer de Kara
11%
739.258 290.018 Salomon-Ocean Pacifique
11%
395.185 262.101 Sao Tome & Principe-Golfe de Guinee
11%
563.686 234.951 Sri Lanka-Baie du Bengale
11%
454.723 271.269 Tanzanie-Lac Victoria
11%
616.522 231.013 Vietnam-Golfe de Thailande
11%
502.686 221.508 Yemen-Ocean Indien
11%
492.051 128.468 Azerbaidjan-Mer Caspienne
10%
589.029 191.787 Bangladesh-Myanmar
10%
232.02401 116.139 Canada-Golfe du Maine
10%
228.486 448.205 Chili-Ocean Atlantique
10%
479.01 304.44 Comores-Detroit du Mozambique
10%
667.818 146.916 Coree du Sud-Mer de Chine Orientale
10%
248.789 9.469 Danemark-Baie de Baffin
10%
404.92574 73.728125 Danemark-Kattegat
10%
402.0175 71.345317 Danemark-Skagerrak
10%
447.884 158.527 Egypte-Mer Levantine
10%
434.013 67.562 Estonie-Golfe de Riga
10%
222.43975 117.27275 Etats Unis-Golfe de Maine
10%
434.229 145.059 Grece-Mer de Libye
10%
438.338 145.833 Grece-Mer Levantine
10%
341.004 42.071 Islande-Mer du Groenland
10%
458.73 156.027 Israel-Mer Levantine
10%
414.531 140.22 Italie-Mer de Libye
10%
673.333 155.167 Japon-Mer de Chine Orientale
10%
680.544 151.378 Japon-Mer des Philippines
10%
434.382 72.097 Lettonie-Golfe de Riga
10%
460.675 149.124 Liban-Mer Levantine
10%
434.08 155.405 Libye-Mer Levantine
10%
607.987 242.29 Malaysie-Thailande
10%
600.699 213.41 Myanmar-Mer d'Andaman
10%
402.163 65.6 Norvege-Skagerrak
10%
519.83918 178.9898 Pakistan-Golfe d'Oman
10%
679.645 246.519 Palaos-Ocean Pacifique
10%
729.937 282.88 Papouasie Nouvelle Guinee-Ocean Pacifique
10%
369.608 93.674 Royaume Uni-Mer Celtique
10%
197.8824 196.99265 Royaume Uni-Mer des Caraibes
10%
92.719 341.03 Royaume Uni-Ocean Pacifique
10%
663.28 16.74 Russie-Mer de Laptev
10%
731.439 24.871 Russie-Mer de Siberie Orientale
10%
788.265 33.41599 Russie-Mer des Tchouktches
10%
712.573 64.52 Russie-Mer d'Okhotsk
10%
239.341 205.041 St Christophe-Ocean Atlantique
10%
408.473 72.438 Suede-Kattegat
10%
405.884 67.177 Suede-Skagerrak
10%
461.421 145.129 Syrie-Mer Levantine
10%
651.54678 182.3407 Taiwan-Detroit de Taiwan
10%
651.37 187.644 Taiwan-Mer de Chine Meridionale
10%
654.98 179.493 Taiwan-Mer de Chine Orientale
10%
653.554 186.222 Taiwan-Mer des Phillipines
10%
604.995 231.991 Thailande-Gofle de Thailande
10%
601.85396 233.15829 Thailande-Mer d'Andaman
10%
241.865 227.185 Trinidad & Tobago-Mer des Caraibes
10%
243.268 228.608 Trinidad & Tobago-Ocean Atlantique
10%
453.395 141.911 Turquie-Mer Levantine
10%
252.527 379.471 Uruguay-Rio de la Plata
10%
626.369 220.823 Vietnam-Mer de Chine Meridionale
10%
209.05 180.58 Bahamas-Ocean Atlantique
9%
493.7834 175.61064 Bahrein-Arabie Saoudite
9%
494.436 175.635 Bahrein-Golfe Persique
9%
246.737 219.123 Barbade-Ocean Atlantique
9%
638.764 249.483 Brunei-Malaysie
9%
446.979 276.387 Burundi-Lac Tanganyika
9%
109.76481 30.48242 Canada-Golfe d'Amundsen
9%
101.63581 96.274914 Canada-Mer des Salish
9%
168.47581 19.297416 Canada-Passage du Nord-Ouest
9%
627.368 193.092 Chine-Golfe du Tonkin
9%
260.207 38.852 Danemark-Detroit de Davis
9%
268.806 55.367 Danemark-Mer du Labrador
9%
13.20985 30.607 Etats Unis-Mer des Tchouktches
9%
253.47662 106.10367 France-Golfe du St. Laurent
9%
589.34443 231.5103 Inde-Mer d'Andaman
9%
556.524 233.408 Inde-Mer Laccadive
9%
607.971 255.649 Indonesie-Detroit de Malacca
9%
638.361 258.3 Indonesie-Malaysie
9%
705.747 115.877 Japon-Mer d'Okhotsk
9%
515.018 109.086 Kazakhstan-Mer d'Aral
9%
457.347 303.515 Malawi-Lac Malawi
9%
397.39462 116.69331 Monaco-Mer Ligure
9%
766.535 403.335 Nouvelle Zelande-Mer de Tasmanie
9%
238.6835 204.494 Pays Bas-Ocean Atlantique
9%
659.32102 216.954 Philippines-Mer des Philippines
9%
446.378 282.889 RD Congo-Lac Tanganyika
9%
548.885 279.271 Royaume Uni-Ocean Indien
9%
559.937 236.178 Sri Lanka-Mer Laccadive
9%
448.567 284.72 Tanzanie-Lac Tanganyika
9%
604.17896 238.51129 Thailande-Detroit de Malacca
9%
220.493 231.879 Venezuela-Lac Maracaibo
9%
618.704 197.55 Vietnam-Golfe du Tonkin
9%
449.6298 292.06 Zambie-Lac Tanganyika
9%
637.806 247.771 Brunei-Mer de Chine Meridionale
8%
647.546 131.875 Chine-Mer de Bohei
8%
455.074 144.68 Chypre-Mer Levantine
8%
704.905 193.734 Etats Unis-Mer des Phillipines
8%
104.98214 102.90822 Etats Unis-Mer des Salish
8%
461.739 247.455 Ethiopie-Lac Turkana
8%
482.27 306.23275 France-Detroit du Mozambique
8%
752.479 335.381 France-Mer de Corail
8%
597.721 245.685 Indonesie-Mer d'Andaman
8%
626.898 266.13 Indonesie-Mer de Chine Meridionale
8%
646.229 255.79 Indonesie-Mer des Celebes
8%
461.645 251.851 Kenya-Lac Turkana
8%
608.531 253.545 Malaysie-Detroit de Malacca
8%
634.98 252.472 Malaysie-Mer de Chine Meridionale
8%
413.3 143.02 Malte-Mer de Libye
8%
514.506 113.912 Ouzbekistan-Mer d'Aral
8%
650.486 211.485 Philippines-Mer de Chine Meridionale
8%
456.904 145.974 Royaume Uni-Mer Levantine
8%
501.62 31.91 Russie-Mer de Petchora
8%
241.32925 204.2331 Antigua et Barbuda-Mer Caraibes
7%
710.06039 394.43624 Australie-Detroit de Bass
7%
672.77939 308.70524 Australie-Mer de Timor
7%
722.24539 373.50224 Australie-Mer Tasmanie
7%
454.814 146.72535 Chypre-Royaume Uni
7%
622.875 284.056 Indonesie-Mer de java
7%
661.842 294.043 Indonesie-Timor Oriental
7%
646.723 246.493 Malaysie-Mer des Celebes
7%
646.396 243.564 Malaysie-Mer de Sulu
7%
679.645 235.558 Palaos-Mer des Philippines
7%
711.456 294.69 Papouasie Nouvelle Guinee-Mer de Corail
7%
660.121 242.321 Philippines-Mer des Celebes
7%
656.064 230.719 Philippines-Mer des Sulu
7%
368.56037 142.12425 Royaume Uni-Mer d'Alboran
7%
614.215 258.975 Singapour-Mer de Chine Meridionale
7%
665.005 293.249 Timor Oriental-Mer de Timor
7%
693.42339 319.85624 Australie-Golfe de Carpentarie
6%
674.90539 369.15324 Australie-Great Australian Bight
6%
683.35739 303.63524 Australie-Mer Arafura
6%
718.03239 337.98924 Australie-Mer Corail
6%
645.15 265.802 Indonesie-Detroit de Makassar
6%
651.60547 281.96094 Indonesie-Golf de Boni
6%
654.057 266.08499 Indonesie-Golfe de Tomini
6%
691.303 282.246 Indonesie-Mer d'Arafura
6%
670.084 274.728 Indonesie-Mer de Banda
6%
677.77 272.988 Indonesie-Mer de Ceram
6%
648.03906 291.01953 Indonesie-Mer de Flores
6%
658.987 295.45 Indonesie-Mer de Savu
6%
655.489 268.51375 Indonesie-Mer des Molluques
6%
699.277 231.895 Micronesie-Mer des Philippines
6%
699.309 294.099 Papouasie Nouvelle Guinee-Mer d'Arafura
6%
708.641 279.387 Papouasie Nouvelle Guinee-Mer de Bismarck
6%
719.989 283.572 Papouasie Nouvelle Guinee-Mer des Salomons
6%
232.202 161.296 Royaume Uni-Mer des Sargasses
6%
741.287 302.321 Salomon-Mer de Corail
6%
735.379 292.582 Salomon-Mer des Salomons
6%
757.399 318.72 Vanuatu-Mer de Corail
6%
665.539 291.578 Timor Oriental-Mer de Banda
5%
662.04825 292.73012 Timor Oriental-Mer de Savu
5%
Aucun quiz correspondant
Distribution des résultats
% des personnes avec chaque résultat
Percentile par nombre de réponses
Votre historique - résultats
Vous n’avez pas pris ce quiz depuis la dernière actualisation